000 01131cam a22003257a 4500
003 CHAP
005 20220329133052.0
008 971013s1990 r 00010 d
010 _a1805
011 _a2777
035 _a1977
040 _cCHAP
090 _aTesis
100 0 0 _aCastillo Pérez, Israel.
_920199
245 0 _aEstudio de dos densidades de población, dos sistemas de manejo y tres arreglos topológicos en tomate de cáscara (Physalis ixocarpa, Brot.)
260 _aChapingo, Méx. :
_bEl Autor,
_c1990
300 _a75 h.
_b: ilus.
502 _aTesis (Ing. Agr. Esp. en Fitotecnia) -- UACH. Departamento de Fitotecnia
590 _aALEPH
_b10
_c20130110
_lUCH01
_h1209
590 _aBATCH-UPD
_b10
_c20130110
_lUCH01
_h1821
590 _aBATCH-UPD
_b10
_c20130410
_lUCH01
_h1154
590 _aBATCH-UPD
_b10
_c20130914
_lUCH01
_h2013
590 _aCONVERSION
_b10
_c20130109
_lUCH01
_h1302
650 1 4 _aTomate verde
_xEspaciamiento.
_9113813
650 1 4 _aTomate verde
_xRendimiento.
_9113834
650 1 4 _aTopología.
_9113916
901 _aBK
942 _cTESIS
949 _bBC
_cTES
_d-11471
_eTS1
_h23815
_i1977
_si
999 _c1805
_d1805